000 00614nam a2200205Ia 4500
005 20250326143909.0
008 250326s9999 xx 000 0 und d
020 _a0-7923-7306-5
037 _aTextbook
040 _aFMSL
_beng
_cFMSL
041 _aeng
_2eng
084 _aBobX P1
_qFMSL
100 _aNegishi Takashi
245 0 _aEconomic theory, dynamics and markets:Essays in honour of ryuzo sato
_cNegishi Takashi And Others
260 _aBoston
_bBoston, Kluwer Academic
_c2001
300 _axix,571
365 _b528973.47079499997
942 _cTB
_hBobX P1
999 _c1301531
_d1301531